000 00723nam a2200229Ia 4500
005 20241129110020.0
008 241129s9999||||xx |||||||||||||| ||und||
020 _a978-1-03-214081-0
037 _aTB
040 _aARTS
_beng
_cARTS
041 _aeng
_2eng
084 _aSM9:(Y15) R3
_qARTS
100 _aAbrevaya Elda
_9726878
245 0 _aFemininity, desire and sublimation in psychoanalysis: from the melanchalic to the erotic
_cAbrevaya Elda
260 _aUK
_bRoutledge
_c2023
300 _axiii,125p.
365 _aUKP
_b31.99
490 _aPsychoanalytic ideas and applications series
650 _aPsychoanalysisSociologyWomen
_9726879
942 _cTB
_hSM9:(Y15) R3
999 _c1227002
_d1227002